00462nam a2200169Ia 4500003000900000008004100009020002200050040001600072080001900088100001700107245004800124260004800172300001500220650002400235650001400259650001900273IN-BaIIA211028s9999 xx 000 0 eng d a978-0-521-56082-5 cIIA Library a530.145.7bBUB aBub, Jeffrey 0aInterpreting the quantum worldcJeffrey Bub aCambridgebCambridge University Pressc1997 axiv, 298p. aClassical mechanics aOrthodoxy aQuantum theory